000
00292nam a22001337a 4500
008
171124b xxu||||| |||| 00| 0 eng d
020
_a
0801638739
041
_a
eng
080
_2
2ND
_a
612.39
100
_a
10
101
_a
NUT
245
_a
CLINICAL NUTRITION
_c
PAIGE,D.M
942
_2
udc
_c
BK
999
_c
38461
_d
38461